ՀՀ Գիտությունների ազգային ակադեմիայի հիմնարար գիտական գրադարան  =   Fundamental Scientific Library of NAS RA

Ավետիք Չթչյանի արվեստը = (Record no. 393848)

MARC details
000 -LEADER
fixed length control field 01181nam a2200289 a 4500
001 - CONTROL NUMBER
control field 001357693
003 - CONTROL NUMBER IDENTIFIER
control field AM-YeHGA
005 - DATE AND TIME OF LATEST TRANSACTION
control field 20250617153548.0
008 - FIXED-LENGTH DATA ELEMENTS--GENERAL INFORMATION
fixed length control field 170504s2017 ai ao||gr|||||000||darm||
020 ## - INTERNATIONAL STANDARD BOOK NUMBER
International Standard Book Number 9789939022048
040 ## - CATALOGING SOURCE
Original cataloging agency AM-YeHGA
041 1# - LANGUAGE CODE
Language code of text/sound track or separate title armeng
090 ## - LOCALLY ASSIGNED LC-TYPE CALL NUMBER (OCLC); LOCAL CALL NUMBER (RLIN)
-- 395880
245 00 - TITLE STATEMENT
Title Ավետիք Չթչյանի արվեստը =
Remainder of title The art of Avetik Chitchian /
Medium Editors: M. Sargsian, S. Hakobian, A. Tovmasian ; Designer: Aram Urutyan.
246 11 - VARYING FORM OF TITLE
Title proper/short title The art of Avetik Chitchian
260 ## - PUBLICATION, DISTRIBUTION, ETC.
Place of publication, distribution, etc. Երևան :
Name of publisher, distributor, etc. Tigran Mets,
Date of publication, distribution, etc. 2017.
300 ## - PHYSICAL DESCRIPTION
Extent 119 էջ :
Other physical details գունավոր լուսանկար, նկարներ ;
Dimensions 29 սմ.-
Accompanying material [Ալբոմ].
546 ## - LANGUAGE NOTE
Language note Բնագիրը՝ զուգահեռ հայերեն և անգլերեն:
600 14 - SUBJECT ADDED ENTRY--PERSONAL NAME
Personal name Չթչյան, Ավետիք,
Dates associated with a name 1962-2012
650 14 - SUBJECT ADDED ENTRY--TOPICAL TERM
Topical term or geographic name entry element Հայ գեղանկարիչներ
Form subdivision Կենսագրություն
650 14 - SUBJECT ADDED ENTRY--TOPICAL TERM
Topical term or geographic name entry element Հայ գեղանկարչություն
Chronological subdivision 20-րդ դար
700 1# - ADDED ENTRY--PERSONAL NAME
Personal name Sargsian, Mane
Relator term խմբագիր
Relationship edt
700 1# - ADDED ENTRY--PERSONAL NAME
Personal name Hakobian, Suzanna
Relator term խմբագիր
Relationship edt
700 1# - ADDED ENTRY--PERSONAL NAME
Personal name Tovmasian, Ani
Relator term խմբագիր
Relationship edt
700 1# - ADDED ENTRY--PERSONAL NAME
Personal name Urutyan, Aram
Relator term ձևավորող
Relationship dsr
942 ## - ADDED ENTRY ELEMENTS (KOHA)
Source of classification or shelving scheme Universal Decimal Classification
Koha item type Գրքեր / Books
Holdings
Withdrawn status Lost status Source of classification or shelving scheme Damaged status Not for loan Home library Current library Date acquired Total checkouts Full call number Barcode Date last seen Price effective from Koha item type Public note
    Universal Decimal Classification     Fundamental Scientific Library Fundamental Scientific Library 25/10/2017   AIII/8681 FL0465595 25/10/2017 25/10/2017 Գրքեր / Books 30 Days Loan
    Universal Decimal Classification     Fundamental Scientific Library Fundamental Scientific Library 25/10/2017   AIII/8682 FL0465596 25/10/2017 25/10/2017 Գրքեր / Books 30 Days Loan


ՀՀ ԳԱԱ հիմնարար գիտական գրադարան
ՀՀ,Երևան 0019
Մարշալ Բաղրամյան 24/6
հեռախոս:(374-10) 52-47-50
Հետադարձ կապ

All site content, except where otherwise noted, is licensed under a
Creative Commons License